Statistiche per Da quante stagioni in Serie A

Clicka qui per fare il quiz!

Statistiche generali

  • Questo quiz è stato fatto 10 volte
  • Il punteggio medio è 11 su 20

Statistiche sulle risposte

HintRisposta% Corretto
Inter1929-1930
100%
Juventus2007-2008
78%
Frosinone2023-2024
78%
Roma1952-1953
67%
Napoli2007-2008
67%
Sassuolo2013-2014
67%
Milan1983-1984
56%
Lazio1988-1989
56%
Udinese1995-1996
56%
Fiorentina2004-2005
56%
Atalanta2011-2012
56%
Monza2022-2023
56%
Verona2019-2020
44%
Genoa2023-2024
44%
Cagliari2023-2024
44%
Empoli2021-2022
33%
Salernitana2021-2022
33%
Lecce2022-2023
33%
Torino2012-2013
22%
Bologna2015-2016
22%

Distribuzione punteggi

Percentile per numero di risposta

Percentuale di utenti per punteggio

I tuoi punteggi nel tempo

Non hai fatto questo quiz